Municipis monosíl·labs de Catalunya - Statistics

General Stats
  • This quiz has been taken 133 times
    107 since last reset
  • The average score is 14 of 24
Answer Stats
Comarca Municipi % Correct
Baixa Cerdanya Alp
90%
Aran Les
80%
Osona Vic
78%
Pallars Jussà Tremp
75%
Pallars Sobirà Sort
73%
Alt Camp Valls
70%
Terra Alta Bot
68%
Baixa Cerdanya Das
67%
Gironès Salt
65%
Baixa Cerdanya Ger de Cerdanya
63%
Ribera d'Ebre Flix
60%
Baixa Cerdanya Lles
60%
Baix Camp Reus
60%
Baix Empordà Pals
53%
Baixa Cerdanya Guils de Cerdanya
52%
Osona Gurb
52%
Gironès Quart
52%
Selva Sils
50%
Alt Empordà Pau
45%
Berguedà Cercs
43%
Alt Empordà Llers
43%
Noguera Ponts
43%
Baixa Cerdanya Riu de Cerdanya
43%
Baixa Cerdanya Prats i Sansor
32%
No matching quizzes found
Score Distribution
Percent of People with Each Score
Percentile by Number Answered
Your Score History
You have not taken this quiz since the last reset